000 00534nam a2200181Ia 4500
005 20250508160109.0
008 008 250505s9999 xx 000 0 eng d
037 _aBooks to be hide in OPAC
040 _aFEDL
_beng
_cFEDL
041 _aeng
_2eng
084 _a151.2, NOV/O
_qFEDL
100 _aNovick Melvin R
_9767935
245 0 _aBayesian methods in psychological testing
260 _aPrinceton
_bEducational Testing Service
_c1969
300 _a23p.
942 _cHB
_h151.2, NOV/O
999 _c1361681
_d1361681